|
|
|
|
| LEADER |
00000nab a2200000 a 4500 |
| 001 |
vtls000775459 |
| 003 |
SK-MaSNL |
| 005 |
20260305015732.0 |
| 008 |
140429c2001 xo 0 slo |
| 015 |
|
|
|a SNBRB2001/11-34347
|
| 035 |
|
|
|a CLN000127246
|
| 040 |
|
|
|a SNKBUCL
|b slo
|c SNKBUCL
|e AACR2
|
| 041 |
0 |
|
|a slo
|
| 044 |
|
|
|a xo
|c SK
|
| 080 |
|
|
|a 766:087.5
|2 1997
|
| 100 |
1 |
|
|a Suballyová, Ľubica
|4 ain
|9 268637
|
| 245 |
1 |
0 |
|a Neviem si predstaviť detské ruky bez detskej knihy
|b rozhovor s Dušanom Rollom, generálnym komisárom BIB
|c pripravila Ľubica Suballyová
|
| 300 |
|
|
|b Fotogr.
|
| 600 |
1 |
7 |
|a Roll, Dušan,
|d 1928-2021
|2 snkbucl
|9 119138
|
| 611 |
2 |
7 |
|a Bienále ilustrácií Bratislava
|2 snkbucl
|9 32022
|
| 650 |
0 |
7 |
|a knižné ilustrácie
|2 snkbucl
|9 2742
|
| 655 |
|
7 |
|a články z novín a časopisov
|2 snkbucl
|9 267496
|
| 700 |
1 |
|
|a Roll, Dušan,
|d 1928-2021
|4 aut
|9 119138
|
| 773 |
0 |
|
|t Bibiana
|g Roč. 8, č. 3 (2001), s. 25-28
|x 1335-7263
|
| 850 |
|
|
|a Slovenská národná knižnica v Martine
|
| 852 |
|
|
|a SNK
|b KIS3GCP
|
| 958 |
|
|
|a SK
|
| 992 |
|
|
|a RBX
|
| 999 |
|
|
|c 3276830
|d 3278760
|